00569 a2200121 4500082001000000100003300010245011200043260008000155300003300235500008800268700003400356856005700390 aBEE-5 aSyed Muhammad Maesam Hussain aImplementation of swarm intelligence algorithms on multiple robots using JADEcSyed Muhammad Maesam Hussain aIslamabadbNUST School of Electrical Engineering and Computer Sciencec2012 a37p.b:ill.c:27cm.+eCD-ROM aSupervisors: Mr. Shamyl Bin Mansoor, Dr. Peter Charles Bloodworth, Dr. Osman Hassan aIbrahim Bashir, Athar Mushtaq uhttp://10.250.8.41:8080/xmlui/handle/123456789/29059